|
|
|
|
| LEADER |
01807cas a2200241 a 4500 |
| 001 |
AALejournalIMF006571 |
| 008 |
230101c9999 xx r poo 0 0eng d |
| 020 |
|
|
|c 5.00 USD
|
| 020 |
|
|
|z 9781455202454
|
| 022 |
|
|
|a 1934-7685
|
| 040 |
|
|
|a BD-DhAAL
|c BD-DhAAL
|
| 110 |
2 |
|
|a International Monetary Fund.
|
| 245 |
1 |
0 |
|a Liberia :
|b Joint Staff Advisory Note on the First Annual Progress Report on the Implementation of the Liberia Poverty Reduction Strategy (LPRS).
|
| 264 |
|
1 |
|a Washington, D.C. :
|b International Monetary Fund,
|c 2010.
|
| 300 |
|
|
|a 1 online resource (11 pages)
|
| 490 |
1 |
|
|a IMF Staff Country Reports
|
| 500 |
|
|
|a <strong>Off-Campus Access:</strong> No User ID or Password Required
|
| 500 |
|
|
|a <strong>On-Campus Access:</strong> No User ID or Password Required
|
| 506 |
|
|
|a Electronic access restricted to authorized BRAC University faculty, staff and students
|
| 520 |
3 |
|
|a The Annual Progress Report (APR) provides no estimates or analysis of current poverty levels and the poverty effects of the Liberia Poverty Reduction Strategy (LPRS) in the absence of reliable statistics. IMF staff recommends including a thorough poverty diagnosis that builds on the results of the two Core Welfare Indicator Questionnaires (CWIQs) in the next APR. During the first year of implementation of the LPRS, the authorities have strengthened the environment for sustainable economic growth, development, and poverty reduction. Progress in reforming and activating the productive sectors-particularly forestry, mining, and agriculture-has been slower than expected.
|
| 538 |
|
|
|a Mode of access: Internet
|
| 830 |
|
0 |
|a IMF Staff Country Reports; Country Report ;
|v No. 2010/193
|
| 856 |
4 |
0 |
|z Full text available on IMF
|u http://elibrary.imf.org/view/journals/002/2010/193/002.2010.issue-193-en.xml
|z IMF e-Library
|